000 00676nam a2200277Ia 4500
005 20260324140544.0
008 008 260324s9999 xx 000 0 eng d
020 _a9780429074981
037 _aEBOOK
040 _aCRL
040 _beng
040 _cCRL
041 _2eng
041 _aeng
084 _qCRL
100 _aJoseph F. deSpautz
_91204846
245 0 _aAutomation and Validation of Information in Pharmaceutical Processing
260 _bTaylor and Francis
260 _c1998
365 _a
365 _b400
856 _uhttp://www.taylorfrancis.com/books/9780429074981
942 _cEBOOK
999 _c1807039
_d1807039